[Event "FRA-chT Gp-B"]
[Site "France"]
[Date "2004.04.04"]
[Round "7"]
[White "Moracchini, Fabrice"]
[Black "Van Hoolandt, Patrick"]
[Result "1/2-1/2"]
[WhiteElo "2284"]
[BlackElo "2262"]
[PlyCount "33"]
[EventDate "2004.01.30"]
[EventType "team"]
[EventRounds "7"]
[EventCountry "FRA"]
[SourceTitle "EXT 2005"]
[Source "ChessBase"]
[SourceDate "2004.11.15"]
[SourceVersion "1"]
[SourceVersionDate "2004.11.15"]
[SourceQuality "1"]
[WhiteTeam "Drancy"]
[BlackTeam "Monaco"]
[WhiteTeamCountry "FRA"]
[BlackTeamCountry "FRA"]

1. Nf3 Nf6 2. c4 e6 3. Nc3 Bb4 4. Qc2 0-0 5. a3 Bxc3 6. Qxc3 b6 7. e3 Bb7 8. b4 d6 9. Bb2 Nbd7 10. Be2 c5 11. d3 Qe7 12. b5 a6 13. a4 a5 14. 0-0 Rfe8 15. Rad1 Nf8 16. Nd2 e5 17. Nf3 1/2-1/2

[Event "FRA-chT Gp-B"]
[Site "France"]
[Date "2004.04.03"]
[Round "6"]
[White "Touzane, Olivier"]
[Black "Moracchini, Fabrice"]
[Result "1/2-1/2"]
[WhiteElo "2347"]
[BlackElo "2284"]
[PlyCount "69"]
[EventDate "2004.01.30"]
[EventType "team"]
[EventRounds "7"]
[EventCountry "FRA"]
[SourceTitle "EXT 2005"]
[Source "ChessBase"]
[SourceDate "2004.11.15"]
[SourceVersion "1"]
[SourceVersionDate "2004.11.15"]
[SourceQuality "1"]
[WhiteTeam "Montpellier"]
[BlackTeam "Drancy"]
[WhiteTeamCountry "FRA"]
[BlackTeamCountry "FRA"]

1. d4 d5 2. c4 e6 3. Nc3 Be7 4. Nf3 Nf6 5. Bg5 h6 6. Bh4 0-0 7. e3 Ne4 8. Bxe7 Qxe7 9. cxd5 Nxc3 10. bxc3 exd5 11. Qb3 c6 12. Bd3 Be6 13. Rb1 b6 14. Ne5 Rc8 15. Qa4 Qc7 16. 0-0 Nd7 17. f4 f6 18. Nf3 Re8 19. Rbd1 Nf8 20. e4 dxe4 21. Bxe4 b5 22. Qa6 Rac8 23. Nd2 Qb6 24. Qa3 c5 25. d5 c4+ 26. Kh1 Bf7 27. Nf3 a5 28. Nd4 b4 29. Qc1 Qc5 30. Nc6 b3 31. h3 Bg6 32. f5 Bf7 33. Qd2 Nd7 34. Bf3 a4 35. a3 1/2-1/2

[Event "FRA-chT Gp-B"]
[Site "France"]
[Date "2004.01.31"]
[Round "2"]
[White "Moracchini, Fabrice"]
[Black "Templier, Nicolas"]
[Result "1/2-1/2"]
[WhiteElo "2284"]
[BlackElo "2281"]
[PlyCount "55"]
[EventDate "2004.01.30"]
[EventType "team"]
[EventRounds "7"]
[EventCountry "FRA"]
[SourceTitle "CBM 098 Extra"]
[Source "ChessBase"]
[SourceDate "2004.03.10"]
[SourceVersion "2"]
[SourceVersionDate "2004.03.10"]
[SourceQuality "1"]
[WhiteTeam "Drancy"]
[BlackTeam "Vandoeuvre"]
[WhiteTeamCountry "FRA"]
[BlackTeamCountry "FRA"]

1. Nf3 Nf6 2. c4 e6 3. Nc3 Bb4 4. Qc2 b6 5. a3 Bxc3 6. Qxc3 0-0 7. b4 d5 8. e3 Bb7 9. Bb2 Nbd7 10. Be2 dxc4 11. Bxc4 c5 12. b5 a6 13. d3 Qe7 14. 0-0 a5 15. e4 Rae8 16. Ne5 Nxe5 17. Qxe5 Qd7 18. Rae1 Re7 19. Re3 Ne8 20. Rh3 f6 21. Qh5 h6 22. Qg6 Kh8 23. e5 f5 24. Bc1 Nc7 25. a4 Qe8 26. Qg3 Nd5 27. Qh4 Rff7 28. Re1 1/2-1/2

[Event "Elancourt"]
[Site "Elancourt"]
[Date "2003.06.30"]
[Round "10"]
[White "Moracchini, Fabrice"]
[Black "Verat, Laurent"]
[Result "1/2-1/2"]
[WhiteElo "2302"]
[BlackElo "2357"]
[PlyCount "49"]
[EventDate "2003.06.21"]
[EventType "tourn"]
[EventRounds "10"]
[EventCountry "FRA"]
[EventCategory "5"]
[SourceTitle "EXT 2004"]
[Source "ChessBase"]
[SourceDate "2003.11.25"]
[SourceVersion "1"]
[SourceVersionDate "2003.11.25"]
[SourceQuality "1"]

1. d4 Nf6 2. c4 e6 3. Nc3 Bb4 4. Nf3 d5 5. cxd5 exd5 6. Bg5 h6 7. Bxf6 Qxf6 8. Qa4+ Nc6 9. e3 0-0 10. Rc1 Qg6 11. Qc2 Bf5 12. Qb3 Be4 13. a3 Bxc3+ 14. Rxc3 Bxf3 15. gxf3 Rfe8 16. Qd1 Qf6 17. Be2 Re6 18. 0-0 Rae8 19. Bd3 Qh4 20. f4 Qh3 21. Kh1 f5 22. Rg1 Rf8 23. Rg3 Qh4 24. Qf3 Qd8 25. Rc5 1/2-1/2

[Event "Elancourt"]
[Site "Elancourt"]
[Date "2003.06.27"]
[Round "7"]
[White "Moracchini, Fabrice"]
[Black "Legky, Nikolay A"]
[Result "1/2-1/2"]
[WhiteElo "2302"]
[BlackElo "2497"]
[PlyCount "23"]
[EventDate "2003.06.21"]
[EventType "tourn"]
[EventRounds "10"]
[EventCountry "FRA"]
[EventCategory "5"]
[SourceTitle "EXT 2004"]
[Source "ChessBase"]
[SourceDate "2003.11.25"]
[SourceVersion "1"]
[SourceVersionDate "2003.11.25"]
[SourceQuality "1"]

1. d4 d5 2. c4 e6 3. Nc3 Nf6 4. cxd5 exd5 5. Bg5 Be7 6. e3 c6 7. Qc2 0-0 8. Bd3 Nbd7 9. Nf3 Re8 10. 0-0 Nf8 11. Rab1 a5 12. a3 1/2-1/2

[Event "FRA-chT Poule Basse"]
[Site "France"]
[Date "2003.05.10"]
[Round "11.4"]
[White "Moracchini, Fabrice"]
[Black "Schenk, Andreas"]
[Result "1/2-1/2"]
[WhiteElo "2302"]
[BlackElo "2478"]
[PlyCount "37"]
[EventDate "2003.05.07"]
[EventType "team-tourn"]
[EventRounds "4"]
[EventCountry "FRA"]
[SourceTitle "CBM 095"]
[Source "ChessBase"]
[SourceDate "2003.07.25"]
[SourceVersion "1"]
[SourceVersionDate "2003.07.25"]
[SourceQuality "1"]
[WhiteTeam "Drancy"]
[BlackTeam "Bischwiller"]
[WhiteTeamCountry "FRA"]
[BlackTeamCountry "FRA"]

1. d4 Nf6 2. c4 e6 3. Nf3 d5 4. Nc3 dxc4 5. e4 Bb4 6. Bg5 c5 7. Bxc4 cxd4 8. Nxd4 Bxc3+ 9. bxc3 Qa5 10. Bxf6 Qxc3+ 11. Kf1 gxf6 12. Rc1 Qa5 13. Bb5+ Ke7 14. e5 fxe5 15. Qh5 Nd7 16. Qg5+ Kf8 17. Rxc8+ Rxc8 18. Bxd7 Qd8 19. Nxe6+ 1/2-1/2

[Event "FRA-chT Gp-A"]
[Site "France"]
[Date "2003.04.06"]
[Round "7.8"]
[White "Moracchini, Fabrice"]
[Black "Theon, Pierre"]
[Result "1-0"]
[WhiteElo "2302"]
[BlackElo "2209"]
[PlyCount "137"]
[EventDate "2003.01.31"]
[EventType "team"]
[EventRounds "7"]
[EventCountry "FRA"]
[SourceTitle "CBM 095"]
[Source "ChessBase"]
[SourceDate "2003.07.25"]
[SourceVersion "1"]
[SourceVersionDate "2003.07.25"]
[SourceQuality "1"]
[WhiteTeam "Drancy"]
[BlackTeam "Gonfreville"]
[WhiteTeamCountry "FRA"]
[BlackTeamCountry "FRA"]

1. d4 d6 2. e4 Nf6 3. Nc3 e5 4. Nge2 Nbd7 5. g3 c6 6. a4 d5 7. Bg2 dxe4 8. 0-0 Be7 9. Nxe4 Nxe4 10. Bxe4 Nf6 11. Bg2 exd4 12. Nxd4 Bg4 13. Qd2 Qd7 14. Re1 Rd8 15. Qe3 0-0 16. Nf3 Bb4 17. c3 Rfe8 18. Qd2 Qxd2 19. Rxe8+ Nxe8 20. Nxd2 Be7 21. h3 Bf5 22. Kh2 Nf6 23. Bf3 h5 24. Kg2 g5 25. Nc4 g4 26. hxg4 hxg4 27. Be2 Be4+ 28. Kg1 Kg7 29. Bg5 Rh8 30. Bh4 Nd5 31. Bxg4 Bxh4 32. gxh4 Rxh4 33. f3 Nf6 34. Nd6 Bg6 35. Bc8 b6 36. a5 Rh5 37. a6 Rd5 38. Nc4 b5 39. Na5 Rd2 40. Nxc6 Bh5 41. Nxa7 Bxf3 42. Bb7 Ne4 43. Bxe4 Bxe4 44. b4 f5 45. Nxb5 f4 46. Nd4 f3 47. Nxf3 Bxf3 48. Ra5 Rg2+ 49. Kf1 Rc2 50. a7 Rxc3 51. a8Q Bxa8 52. Rxa8 Rb3 53. Rb8 Kf6 54. Ke2 Ke5 55. Kd2 Kd4 56. Kc2 Rc3+ 57. Kb2 Rc7 58. Kb3 Kd5 59. Ka4 Kc6 60. b5+ Kc5 61. b6 Rh7 62. Ka5 Kc6 63. Ka6 Rh1 64. Rc8+ Kd7 65. Rc4 Ra1+ 66. Kb7 Rd1 67. Kb8 Rd2 68. b7 Rd1 69. Ra4 1-0

[Event "FRA-chT Gp-A"]
[Site "France"]
[Date "2003.02.02"]
[Round "3.8"]
[White "Hauchard, Arnaud"]
[Black "Moracchini, Fabrice"]
[Result "1-0"]
[WhiteElo "2512"]
[BlackElo "2302"]
[PlyCount "41"]
[EventDate "2003.01.31"]
[EventType "team"]
[EventRounds "7"]
[EventCountry "FRA"]
[SourceTitle "CBM 094"]
[Source "ChessBase"]
[SourceDate "2003.05.26"]
[SourceVersion "1"]
[SourceVersionDate "2003.05.26"]
[SourceQuality "1"]
[WhiteTeam "Paris NAO"]
[BlackTeam "Drancy"]
[WhiteTeamCountry "FRA"]
[BlackTeamCountry "FRA"]

1. e4 e6 2. d4 d5 3. Nc3 a6 4. Bd3 Nc6 5. Nf3 Nb4 6. 0-0 Nf6 7. e5 Nd7 8. Ne2 Be7 9. Nf4 c5 10. c3 Nxd3 11. Qxd3 b6 12. Be3 a5 13. Rfe1 Qc7 14. Nh5 g6 15. Ng7+ Kf8 16. Bh6 Kg8 17. Ne8 Qd8 18. Nd6 Nb8 19. Qe3 Bxd6 20. exd6 Qxd6 21. Qg5 1-0

[Event "FRA-chT Gp-A"]
[Site "France"]
[Date "2003.01.31"]
[Round "1.7"]
[White "Moracchini, Fabrice"]
[Black "Efimov, Igor"]
[Result "0-1"]
[WhiteElo "2302"]
[BlackElo "2480"]
[PlyCount "77"]
[EventDate "2003.01.31"]
[EventType "team"]
[EventRounds "7"]
[EventCountry "FRA"]
[SourceTitle "CBM 094"]
[Source "ChessBase"]
[SourceDate "2003.05.26"]
[SourceVersion "1"]
[SourceVersionDate "2003.05.26"]
[SourceQuality "1"]
[WhiteTeam "Drancy"]
[BlackTeam "Monaco"]
[WhiteTeamCountry "FRA"]
[BlackTeamCountry "FRA"]

1. d4 Nf6 2. c4 e6 3. Nc3 Bb4 4. Qc2 c5 5. dxc5 Bxc5 6. Nf3 b6 7. Bg5 Bb7 8. e3 Nc6 9. a3 Be7 10. Be2 0-0 11. 0-0 Rc8 12. Rfd1 a6 13. Rac1 Qc7 14. Bf4 Qd8 15. Qb1 Ne8 16. Ne4 f6 17. Nd6 Nxd6 18. Bxd6 Rf7 19. b4 Bxd6 20. Rxd6 Qc7 21. Rcd1 Na7 22. R6d2 Rcf8 23. Bd3 g5 24. Be4 Bc8 25. Bd3 Nc6 26. Be2 Rg7 27. Qd3 g4 28. Ne1 Ne5 29. Qd6 Qb7 30. Qd4 Rg5 31. e4 Qc6 32. Kh1 Bb7 33. f3 gxf3 34. Nxf3 Nxf3 35. Bxf3 Rf7 36. e5 Qxf3 37. gxf3 Bxf3+ 38. Rg2 Bxg2+ 39. Kg1 0-1

[Event "Rosny sous Bois 01st"]
[Site "Rosny sous Bois"]
[Date "2002.10.30"]
[Round "5"]
[White "Velikov, Petar"]
[Black "Moracchini, Fabrice"]
[Result "1-0"]
[WhiteElo "2431"]
[BlackElo "2331"]
[PlyCount "85"]
[EventDate "2002.10.26"]
[EventType "tourn"]
[EventRounds "9"]
[EventCountry "FRA"]
[EventCategory "4"]
[SourceTitle "EXT 2003"]
[Source "ChessBase"]
[SourceDate "2002.11.25"]
[SourceVersion "1"]
[SourceVersionDate "2002.11.25"]
[SourceQuality "1"]

1. Nf3 Nf6 2. g3 g6 3. Bg2 Bg7 4. 0-0 0-0 5. c4 d6 6. d4 Nc6 7. Nc3 a6 8. b3 Rb8 9. Nd5 Nd7 10. Bb2 e6 11. Nc3 Ne7 12. Qc2 b5 13. cxb5 axb5 14. Rfd1 Bb7 15. Rac1 Bc6 16. e4 Nb6 17. Ne2 Rb7 18. Nf4 Ra7 19. a3 Qa8 20. Ne1 Rc8 21. Qe2 Be8 22. Ned3 Ra5 23. Rc2 Bd7 24. Rdc1 Qa7 25. e5 Qb8 26. Nb4 Ra7 27. h4 Bf8 28. h5 Bh6 29. Qg4 Rd8 30. Re1 Kf8 31. Be4 Kg7 32. hxg6 hxg6 33. Nh5+ Kf8 34. Nf6 Bg7 35. Qg5 d5 36. Bd3 Rc8 37. Kg2 Ng8 38. Nxd7+ Nxd7 39. Nc6 Qb7 40. Nxa7 Qxa7 41. Qd2 c5 42. Bxb5 cxd4 43. Rxc8+ 1-0

[Event "Rosny sous Bois 01st"]
[Site "Rosny sous Bois"]
[Date "2002.10.29"]
[Round "4"]
[White "Moracchini, Fabrice"]
[Black "Bellaiche, Antony"]
[Result "0-1"]
[WhiteElo "2331"]
[BlackElo "2369"]
[PlyCount "72"]
[EventDate "2002.10.26"]
[EventType "tourn"]
[EventRounds "9"]
[EventCountry "FRA"]
[EventCategory "4"]
[SourceTitle "EXT 2003"]
[Source "ChessBase"]
[SourceDate "2002.11.25"]
[SourceVersion "1"]
[SourceVersionDate "2002.11.25"]
[SourceQuality "1"]

1. d4 Nf6 2. c4 g6 3. Nc3 Bg7 4. e4 d6 5. Bd3 0-0 6. Nge2 Nc6 7. f3 e5 8. d5 Nd4 9. 0-0 c5 10. Nxd4 cxd4 11. Na4 Bd7 12. b4 Rc8 13. Bg5 Qe8 14. Nb2 Nh5 15. g3 f5 16. Kg2 Nf6 17. h3 Nh5 18. Bd2 Qe7 19. Qb3 Bf6 20. c5 Bh4 21. g4 Ng3 22. Nc4 fxe4 23. Bxe4 dxc5 24. bxc5 Nxf1 25. Rxf1 Qxc5 26. Nxe5 Bb5 27. Rc1 Qd6 28. f4 Rxc1 29. Bxc1 Bf1+ 30. Kg1 Qa6 31. d6+ Kg7 32. Qe6 Qe2 33. g5 Bf2+ 34. Kh2 Be3+ 35. Kh1 Bg2+ 36. Bxg2 Qe1+ 0-1

[Event "Rosny sous Bois 01st"]
[Site "Rosny sous Bois"]
[Date "2002.10.26"]
[Round "1"]
[White "Piot, Olivier"]
[Black "Moracchini, Fabrice"]
[Result "1/2-1/2"]
[WhiteElo "2252"]
[BlackElo "2331"]
[PlyCount "35"]
[EventDate "2002.10.26"]
[EventType "tourn"]
[EventRounds "9"]
[EventCountry "FRA"]
[EventCategory "4"]
[SourceTitle "EXT 2003"]
[Source "ChessBase"]
[SourceDate "2002.11.25"]
[SourceVersion "1"]
[SourceVersionDate "2002.11.25"]
[SourceQuality "1"]

1. d4 Nc6 2. c4 e5 3. d5 Nce7 4. Nc3 Ng6 5. g3 Bb4 6. Qb3 Qe7 7. a3 Ba5 8. Qc2 Bb6 9. Na4 d6 10. Bg2 Nf6 11. Nxb6 axb6 12. Nf3 h6 13. h3 0-0 14. b4 Bd7 15. Nd2 Nh7 16. Bb2 f5 17. Rc1 e4 18. e3 1/2-1/2

[Event "FRA-chT1"]
[Site "France"]
[Date "2002.02.03"]
[Round "3.6"]
[White "Relange, Eloi"]
[Black "Moracchini, Fabrice"]
[Result "1-0"]
[WhiteElo "2491"]
[BlackElo "2311"]
[PlyCount "73"]
[EventDate "2002.02.??"]
[EventType "team"]
[EventRounds "11"]
[EventCountry "FRA"]
[SourceTitle "EXT 2003"]
[Source "ChessBase"]
[SourceDate "2002.11.25"]
[SourceVersion "1"]
[SourceVersionDate "2002.11.25"]
[SourceQuality "1"]
[WhiteTeam "Clichy"]
[BlackTeam "Drancy"]
[WhiteTeamCountry "FRA"]
[BlackTeamCountry "FRA"]

1. d4 g6 2. c4 Bg7 3. Nf3 Nf6 4. Nc3 0-0 5. e4 d6 6. Be2 Na6 7. 0-0 e5 8. Be3 Ng4 9. Bg5 f6 10. Bc1 Nh6 11. Rb1 Nf7 12. b4 exd4 13. Nxd4 c5 14. bxc5 Nxc5 15. Be3 Re8 16. Qc2 Qe7 17. Ndb5 Be6 18. Rfd1 Rec8 19. Nd4 Bd7 20. f4 Qe8 21. Bf2 g5 22. f5 Bf8 23. Nb3 b6 24. Bh5 Bc6 25. Nd4 Bd7 26. h4 h6 27. hxg5 hxg5 28. Qe2 Kg7 29. Bg6 Be7 30. Nd5 Bd8 31. Re1 Qg8 32. Bxf7 Kxf7 33. Bg3 Be7 34. Qh5+ Kf8 35. Rbd1 Be8 36. Qh6+ Kf7 37. Bxd6 1-0

[Event "FRA-chT1"]
[Site "France"]
[Date "2002.??.??"]
[Round "8.5"]
[White "Moracchini, Fabrice"]
[Black "Renault, Mael"]
[Result "1-0"]
[WhiteElo "2311"]
[BlackElo "2102"]
[PlyCount "103"]
[EventDate "2002.02.??"]
[EventType "team"]
[EventRounds "11"]
[EventCountry "FRA"]
[SourceTitle "EXT 2003"]
[Source "ChessBase"]
[SourceDate "2002.11.25"]
[SourceVersion "1"]
[SourceVersionDate "2002.11.25"]
[SourceQuality "1"]
[WhiteTeam "Drancy"]
[BlackTeam "Toulouse"]
[WhiteTeamCountry "FRA"]
[BlackTeamCountry "FRA"]

1. d4 Nf6 2. c4 g6 3. Nc3 Bg7 4. e4 d6 5. Bd3 0-0 6. Nge2 e5 7. 0-0 Nc6 8. d5 Ne7 9. f3 Nd7 10. g4 Nc5 11. Bc2 a5 12. Ng3 Bd7 13. Qe2 Kh8 14. Bg5 f6 15. Be3 Qe8 16. h4 Na6 17. h5 f5 18. exf5 gxf5 19. Bg5 Bf6 20. Bxf6+ Rxf6 21. g5 Rf8 22. f4 e4 23. Qe3 Qf7 24. Rae1 Nc5 25. Rf2 h6 26. b3 Qg7 27. Nce2 Rg8 28. g6 Rgf8 29. Nd4 Qf6 30. Qc3 Kg8 31. Rg2 Kg7 32. a3 a4 33. b4 Nb3 34. Nge2 Nxd4 35. Nxd4 Kg8 36. Bb1 Qh4 37. Ne2 Rac8 38. Ba2 Qf6 39. Nd4 Qh4 40. Qe3 Kg7 41. c5 Rcd8 42. Rh2 Qf6 43. Rd1 c6 44. dxc6 Nxc6 45. cxd6 Bc8 46. Nb5 Be6 47. Bxe6 Qxe6 48. Nc7 Qf6 49. Rhd2 Rd7 50. b5 Na5 51. Nd5 Qxd6 52. Qc3+ 1-0

[Event "FRA-chT1"]
[Site "France"]
[Date "2002.??.??"]
[Round "6.8"]
[White "Roos, Jean Luc"]
[Black "Moracchini, Fabrice"]
[Result "1/2-1/2"]
[WhiteElo "2302"]
[BlackElo "2311"]
[PlyCount "128"]
[EventDate "2002.02.??"]
[EventType "team"]
[EventRounds "11"]
[EventCountry "FRA"]
[SourceTitle "EXT 2003"]
[Source "ChessBase"]
[SourceDate "2002.11.25"]
[SourceVersion "1"]
[SourceVersionDate "2002.11.25"]
[SourceQuality "1"]
[WhiteTeam "Strasbourg"]
[BlackTeam "Drancy"]
[WhiteTeamCountry "FRA"]
[BlackTeamCountry "FRA"]

1. d4 Nf6 2. c4 g6 3. Nf3 Bg7 4. Nc3 0-0 5. g3 c6 6. Bg2 d5 7. cxd5 cxd5 8. 0-0 Nc6 9. Ne5 Ng4 10. f4 Ngxe5 11. fxe5 e6 12. b3 f6 13. exf6 Rxf6 14. Rxf6 Qxf6 15. e3 Nxd4 16. Bb2 Nf5 17. Qd3 Qg5 18. Re1 Ne7 19. e4 d4 20. Nb5 Nc6 21. e5 Nxe5 22. Qe4 Nf3+ 23. Bxf3 Qxb5 24. Bxd4 Bxd4+ 25. Qxd4 Bd7 26. a4 Qa5 27. Rd1 Bc6 28. Bxc6 bxc6 29. Qc4 Qb6+ 30. Kg2 c5 31. Re1 Re8 32. Re5 Qb7+ 33. Kg1 Qf7 34. Rxc5 Rd8 35. Rc8 Rxc8 36. Qxc8+ Kg7 37. Qc3+ Kg8 38. b4 Qd7 39. Qb3 Qd4+ 40. Kf1 Qe4 41. Kf2 Qf5+ 42. Kg1 Qe4 43. Kf2 Qf5+ 44. Ke3 Qe5+ 45. Kd3 Qe1 46. b5 Kf7 47. Qc2 Qa5 48. Qf2+ Ke7 49. Qd4 Kf7 50. Kc2 e5 51. Qc4+ Kf6 52. Kb3 Kf5 53. Qd3+ Ke6 54. Qe4 Qd2 55. Qg4+ Kd6 56. Qb4+ Qxb4+ 57. Kxb4 Kd5 58. a5 e4 59. Kc3 Kc5 60. b6 axb6 61. axb6 Kxb6 62. Kd4 Kc6 63. Kxe4 Kd6 64. Kf4 h6 1/2-1/2

[Event "Saint Quentin op 4th"]
[Site "Saint Quentin"]
[Date "2001.04.19"]
[Round "6.6"]
[White "Moracchini, Fabrice"]
[Black "Valuet, Bertrand"]
[Result "1/2-1/2"]
[WhiteElo "2316"]
[BlackElo "2233"]
[PlyCount "107"]
[EventDate "2001.04.15"]
[EventType "swiss"]
[EventRounds "9"]
[EventCountry "FRA"]
[SourceTitle "EXT 2002"]
[Source "ChessBase"]
[SourceDate "2001.11.25"]
[SourceVersion "1"]
[SourceVersionDate "2001.11.25"]
[SourceQuality "1"]

1. d4 Nf6 2. c4 e6 3. Nc3 Bb4 4. Qc2 d5 5. cxd5 Qxd5 6. Nf3 Qf5 7. Qb3 Nc6 8. g3 Ng4 9. Qc4 e5 10. h3 exd4 11. a3 Bxc3+ 12. bxc3 Nge5 13. Nxe5 Qxe5 14. Bg2 Qe6 15. Bd5 Qg6 16. cxd4 0-0 17. Bg2 Bf5 18. 0-0 Be4 19. f3 b5 20. Qc5 Bc2 21. Bf4 Na5 22. Rae1 Ba4 23. Qb4 Nb3 24. Rb1 a5 25. Qc3 b4 26. axb4 axb4 27. Qxb4 Qc2 28. Rbd1 Rfb8 29. Qe7 Re8 30. Qxc7 Qb2 31. Rb1 Qxd4+ 32. e3 Qd3 33. Rbd1 Qe2 34. Rfe1 Qa2 35. e4 Rac8 36. Qb6 Rc2 37. Bf1 Rh2 38. Be3 Rc2 39. Qa6 Rc3 40. Bb5 Rxe3 41. Rxe3 Qc2 42. Rde1 Nc5 43. Qc6 Bxb5 44. Qxb5 Rd8 45. Qa5 Ne6 46. Qc3 Nd4 47. Qb4 Qc7 48. f4 Nc2 49. Qb3 Qc5 50. Kf1 Nxe1 51. Rxe1 Qd4 52. Qe3 Qc4+ 53. Qe2 Rd3 54. Kg2 1/2-1/2

[Event "Saint Quentin op 4th"]
[Site "Saint Quentin"]
[Date "2001.04.16"]
[Round "2.7"]
[White "Moracchini, Fabrice"]
[Black "Fayolle, Guy"]
[Result "1-0"]
[WhiteElo "2316"]
[BlackElo "2073"]
[PlyCount "69"]
[EventDate "2001.04.15"]
[EventType "swiss"]
[EventRounds "9"]
[EventCountry "FRA"]
[SourceTitle "EXT 2002"]
[Source "ChessBase"]
[SourceDate "2001.11.25"]
[SourceVersion "1"]
[SourceVersionDate "2001.11.25"]
[SourceQuality "1"]

1. d4 Nf6 2. c4 g6 3. Nc3 Bg7 4. e4 d6 5. Bd3 0-0 6. Nge2 e5 7. 0-0 Na6 8. Bb1 c6 9. f3 Bd7 10. a3 b5 11. cxb5 cxb5 12. Be3 Nc7 13. Bd3 a6 14. Rc1 Rc8 15. Bb1 Ne6 16. d5 Nc5 17. b4 Nb7 18. Qd2 h5 19. Kh1 Nh7 20. f4 exf4 21. Bxf4 g5 22. Be3 Be5 23. Nd4 f6 24. Ne6 Bxe6 25. dxe6 Bxc3 26. Rxc3 Rxc3 27. Qxc3 Qc8 28. Qd2 Kg7 29. Ba2 Re8 30. Rc1 Qd8 31. h4 g4 32. Qd5 Re7 33. Qxh5 Qe8 34. Qxe8 Rxe8 35. Rc7+ 1-0

[Event "Saint Quentin op 4th"]
[Site "Saint Quentin"]
[Date "2001.04.15"]
[Round "1.7"]
[White "Tabet, Andre"]
[Black "Moracchini, Fabrice"]
[Result "0-1"]
[WhiteElo "1810"]
[BlackElo "2316"]
[PlyCount "64"]
[EventDate "2001.04.15"]
[EventType "swiss"]
[EventRounds "9"]
[EventCountry "FRA"]
[SourceTitle "EXT 2002"]
[Source "ChessBase"]
[SourceDate "2001.11.25"]
[SourceVersion "1"]
[SourceVersionDate "2001.11.25"]
[SourceQuality "1"]

1. d4 Nf6 2. c4 g6 3. Nc3 Bg7 4. Nf3 0-0 5. Bg5 h6 6. Bxf6 Bxf6 7. e4 d6 8. Be2 Nc6 9. Qd2 Bg7 10. d5 Nb8 11. a3 a5 12. 0-0 Na6 13. b4 Bg4 14. Rab1 axb4 15. axb4 c5 16. Na2 cxb4 17. h3 Bd7 18. Nxb4 Nc5 19. Qe3 Ra5 20. e5 Qa8 21. exd6 exd6 22. Qf4 Rd8 23. Nd3 g5 24. Qg3 Bf5 25. Nxc5 Bxb1 26. Rxb1 Ra1 27. Rxa1 Qxa1+ 28. Kh2 dxc5 29. h4 Re8 30. hxg5 hxg5 31. Bd3 Qf6 32. d6 Bh6 0-1

[Event "Clichy Masters 11th"]
[Site "Clichy"]
[Date "2000.07.30"]
[Round "6"]
[White "Salaun, Yann"]
[Black "Moracchini, Fabrice"]
[Result "1/2-1/2"]
[WhiteElo "2396"]
[BlackElo "2314"]
[PlyCount "75"]
[EventDate "2000.07.25"]
[EventType "tourn"]
[EventRounds "9"]
[EventCountry "FRA"]
[EventCategory "4"]
[SourceTitle "EXT 2001"]
[Source "ChessBase"]
[SourceDate "2000.11.22"]
[SourceVersion "1"]
[SourceVersionDate "2000.11.22"]
[SourceQuality "1"]

1. d4 Nf6 2. c4 g6 3. Nc3 Bg7 4. e4 d6 5. h3 0-0 6. Bg5 c5 7. d5 Qa5 8. Qd2 e6 9. Bd3 exd5 10. exd5 a6 11. Nge2 Nbd7 12. 0-0 Ne5 13. Ng3 b5 14. Be2 bxc4 15. f4 Nd3 16. Bxd3 cxd3 17. Qxd3 Rb8 18. Kh1 Rxb2 19. f5 Bd7 20. fxg6 fxg6 21. Bxf6 Rxf6 22. Rxf6 Bxf6 23. Nce4 Be5 24. Qf3 Qd8 25. Rf1 Qe7 26. Ng5 Rb8 27. N3e4 Kg7 28. g4 Kg8 29. Qf7+ Qxf7 30. Rxf7 Rb1+ 31. Kg2 Bb5 32. Rxh7 Rb2+ 33. Kf3 Rxa2 34. Re7 Ra3+ 35. Kg2 Ra2+ 36. Kf3 Ra3+ 37. Kg2 Ra2+ 38. Kf3 1/2-1/2

[Event "Clichy Masters 11th"]
[Site "Clichy"]
[Date "2000.07.25"]
[Round "1"]
[White "Moracchini, Fabrice"]
[Black "Abergel, Thal"]
[Result "1-0"]
[WhiteElo "2314"]
[BlackElo "2279"]
[PlyCount "89"]
[EventDate "2000.07.25"]
[EventType "tourn"]
[EventRounds "9"]
[EventCountry "FRA"]
[EventCategory "4"]
[SourceTitle "EXT 2001"]
[Source "ChessBase"]
[SourceDate "2000.11.22"]
[SourceVersion "1"]
[SourceVersionDate "2000.11.22"]
[SourceQuality "1"]

1. d4 g6 2. e4 Bg7 3. Nc3 c6 4. Nge2 d6 5. a4 e5 6. g3 Ne7 7. Bg2 0-0 8. Bg5 h6 9. Be3 Qc7 10. Qd2 Kh7 11. 0-0 Be6 12. h3 Na6 13. Kh2 Rad8 14. d5 Bc8 15. a5 Qb8 16. f3 f5 17. Bg1 f4 18. g4 g5 19. Bf2 c5 20. Nb5 Kg6 21. Rh1 Nc7 22. Nxc7 Qxc7 23. b4 b6 24. axb6 axb6 25. bxc5 bxc5 26. Qa5 Qd7 27. Qa4 h5 28. Nc3 Rh8 29. Kg1 hxg4 30. hxg4 Rxh1+ 31. Bxh1 Kf7 32. Bg2 Qxa4 33. Rxa4 Bd7 34. Ra6 Be8 35. Bf1 Bf8 36. Bb5 Nc8 37. Bc6 Ne7 38. Bb5 Nc8 39. Bc6 Bd7 40. Kf1 Ne7 41. Bxd7 Rxd7 42. Nb5 Nc8 43. c4 Be7 44. Ke2 Bd8 45. Rc6 1-0

[Event "FRA-chT 9900"]
[Site "France"]
[Date "2000.04.29"]
[Round "8.6"]
[White "Moracchini, Fabrice"]
[Black "Benoit, Michel"]
[Result "1/2-1/2"]
[WhiteElo "2298"]
[BlackElo "2232"]
[PlyCount "93"]
[EventDate "1999.02.04"]
[EventType "team"]
[EventRounds "11"]
[EventCountry "FRA"]
[SourceTitle "EXT 2001"]
[Source "ChessBase"]
[SourceDate "2000.11.22"]
[SourceVersion "1"]
[SourceVersionDate "2000.11.22"]
[SourceQuality "1"]

1. d4 d6 2. e4 g6 3. Ne2 Nf6 4. Nbc3 b5 5. a3 a6 6. g3 Bb7 7. Bg2 Nbd7 8. 0-0 e5 9. h3 Bg7 10. Bg5 0-0 11. Qd2 Re8 12. d5 Qe7 13. g4 Qf8 14. Ng3 Nb6 15. b3 Nfd7 16. Na2 Nc5 17. Rfe1 Kh8 18. Nb4 Bc8 19. Nd3 Nbd7 20. Rac1 f6 21. Be3 Qf7 22. b4 Na4 23. c4 Ndb6 24. c5 Nc4 25. Rxc4 bxc4 26. Nc1 Bd7 27. c6 Bc8 28. Bf1 f5 29. exf5 gxf5 30. gxf5 Bxf5 31. Bxc4 Bxh3 32. Be2 Rf8 33. Bh5 Qe7 34. Kh2 Bc8 35. Rh1 Nb6 36. Be2 Qf7 37. Kg1 Qxd5 38. Qc2 e4 39. a4 a5 40. Rh5 Be5 41. f4 Rxf4 42. bxa5 Qg8 43. Bxf4 Bxf4 44. Qxe4 Qxg3+ 45. Kh1 Qe1+ 46. Kg2 Qg3+ 47. Kh1 1/2-1/2